Millénium (Record no. 105072)

MARC details
000 -LEADER
campo de control de longitud fija 00704nam a2200217 i 4500
001 - NÚMERO DE CONTROL
campo de control 105072
003 - IDENTIFICADOR DE NÚMERO DE CONTROL
campo de control ES-MaACL
005 - FECHA Y HORA DE LA ÚLTIMA TRANSACCIÓN
campo de control 20230906183756.0
007 - CAMPO FIJO DE DESCRIPCIÓN FÍSICA--INFORMACIÓN GENERAL
campo de control de longitud fija t|
008 - DATOS DE LONGITUD FIJA--INFORMACIÓN GENERAL
campo de control de longitud fija 060609s1998 fr ||||1| fre d
020 ## - NÚMERO INTERNACIONAL ESTÁNDAR DEL LIBRO
Número Internacional Estándar del Libro 2-02-031610-2
080 ## - NÚMERO DE LA CLASIFICACIÓN DECIMAL UNIVERSAL
Número de la Clasificación Decimal Universal 273.16
100 1# - ENTRADA PRINCIPAL--NOMBRE DE PERSONA
Nombre de persona Gould, Stephen Jay.
9 (RLIN) 59339
245 10 - MENCIÓN DEL TÍTULO
Título Millénium
Resto del título : histoire naturelle et artificielle de l'an 2000 /
Mención de responsabilidad, etc. Stephen Jay Gould ; traduit de l'anglais (Etats-Unis) par Nicolas Witkowski.
260 ## - PUBLICACIÓN, DISTRIBUCIÓN, ETC.
Lugar de publicación, distribución, etc. Paris :
Nombre del editor, distribuidor, etc. Seuil,
Fecha de publicación, distribución, etc. [1998]
300 ## - DESCRIPCIÓN FÍSICA
Extensión 120 p. ;
Dimensiones 21 cm.
500 ## - NOTA GENERAL
Nota general Biblioteca Jacinto Martínez Lacalle.
650 14 - PUNTO DE ACCESO ADICIONAL DE MATERIA--TÉRMINO DE MATERIA
Término de materia o nombre geográfico como elemento de entrada Milenarismo.
9 (RLIN) 15036
700 1# - ENTRADA AGREGADA--NOMBRE PERSONAL
Nombre de persona Witkowski, Nicolas.
9 (RLIN) 117170
852 ## - LOCALIZACIÓN
Ubicación ES-MaACL
Número de control de estantería E-11255
Sublocalización o colección R.139214
Holdings
Estatus retirado Estado de pérdida Estado de daño No para préstamo Biblioteca de origen Biblioteca actual Ubicación en estantería Fecha de adquisición Fuente de adquisición Total de préstamos Signatura topográfica completa Código de barras Visto por última vez Precio de reemplazo Tipo de ítem Koha
        Biblioteca del Ateneo de Madrid Biblioteca del Ateneo de Madrid Depósito 2 17/01/2008     E-11255 1109699 23/02/2023 23/02/2023 Libro impreso